[Event "EU-chT (Men) 17th"]
[Site "Novi Sad"]
[Date "2009.10.22"]
[Round "1.1"]
[White "Hansen, Lars Bo"]
[Black "Akopian, Vladimir"]
[Result "1/2-1/2"]
[WhiteElo "2574"]
[BlackElo "2698"]
[PlyCount "40"]
[EventDate "2009.10.22"]
[EventType "team-swiss"]
[EventRounds "9"]
[EventCountry "YUG"]
[SourceTitle "CBM 133"]
[Source "ChessBase"]
[SourceDate "2009.11.19"]
[SourceVersion "1"]
[SourceVersionDate "2009.11.19"]
[SourceQuality "1"]
[WhiteTeam "Denmark"]
[BlackTeam "Armenia"]
[WhiteTeamCountry "DEN"]
[BlackTeamCountry "ARM"]

1. d4 Nf6 2. Nf3 e6 3. c4 c5 4. e3 cxd4 5. exd4 d5 6. Nc3 Bb4 7. Bd3 dxc4 8.
Bxc4 O-O 9. O-O b6 10. Bg5 Bb7 11. Rc1 Nbd7 12. Qe2 Qb8 13. Rfd1 h6 14. Bh4 Qf4
15. Bg3 Qf5 16. Bd3 Qh5 17. Nb5 Nd5 18. Ne5 Qxe2 19. Bxe2 Nxe5 20. dxe5 Ba6
1/2-1/2

[Event "EU-chT (Men) 17th"]
[Site "Novi Sad"]
[Date "2009.10.22"]
[Round "1.2"]
[White "Sargissian, Gabriel"]
[Black "Hansen, Sune Berg"]
[Result "1/2-1/2"]
[WhiteElo "2678"]
[BlackElo "2552"]
[PlyCount "47"]
[EventDate "2009.10.22"]
[EventType "team-swiss"]
[EventRounds "9"]
[EventCountry "YUG"]
[SourceTitle "CBM 133"]
[Source "ChessBase"]
[SourceDate "2009.11.19"]
[SourceVersion "1"]
[SourceVersionDate "2009.11.19"]
[SourceQuality "1"]
[WhiteTeam "Armenia"]
[BlackTeam "Denmark"]
[WhiteTeamCountry "ARM"]
[BlackTeamCountry "DEN"]

1. d4 d5 2. c4 c6 3. Nc3 dxc4 4. e4 b5 5. a4 b4 6. Na2 Nf6 7. e5 Nd5 8. Bxc4 e6
9. Nf3 Ba6 10. Bxa6 Nxa6 11. O-O h6 12. Qd3 Qb6 13. Be3 Be7 14. Nc1 O-O 15. Nb3
Nxe3 16. fxe3 c5 17. Rfc1 cxd4 18. exd4 Nc7 19. a5 Qb8 20. Rc2 Nd5 21. Qa6 Qe8
22. Qc6 Qxc6 23. Rxc6 Rfc8 24. Rac1 1/2-1/2

[Event "EU-chT (Men) 17th"]
[Site "Novi Sad"]
[Date "2009.10.22"]
[Round "1.4"]
[White "Petrosian, Tigran L"]
[Black "Glud, Jakob Vang"]
[Result "1-0"]
[WhiteElo "2602"]
[BlackElo "2476"]
[PlyCount "69"]
[EventDate "2009.10.22"]
[EventType "team-swiss"]
[EventRounds "9"]
[EventCountry "YUG"]
[SourceTitle "CBM 133"]
[Source "ChessBase"]
[SourceDate "2009.11.19"]
[SourceVersion "1"]
[SourceVersionDate "2009.11.19"]
[SourceQuality "1"]
[WhiteTeam "Armenia"]
[BlackTeam "Denmark"]
[WhiteTeamCountry "ARM"]
[BlackTeamCountry "DEN"]

1. e4 e5 2. Nf3 Nc6 3. d4 exd4 4. Nxd4 Bb4+ 5. c3 Bc5 6. Be3 Bb6 7. Nf5 g6 8.
Bxb6 axb6 9. Ne3 Nf6 10. f3 O-O 11. c4 d6 12. Nc3 Re8 13. Qd2 Ne5 14. O-O-O Be6
15. Kb1 Ra5 16. f4 Nc6 17. Ned5 Nb8 18. Bd3 Nbd7 19. Bc2 Rc5 20. b3 Bxd5 21.
exd5 b5 22. Rhe1 Rxe1 23. Rxe1 Nb6 24. Nxb5 Nfxd5 25. a4 c6 26. Nc3 Nxc3+ 27.
Qxc3 Rh5 28. Qe3 Kf8 29. Qd4 Kg8 30. h3 Nc8 31. Qe3 Kf8 32. g4 Ra5 33. b4 Ra8
34. f5 Qh4 35. f6 1-0

[Event "EU-chT (Men) 17th"]
[Site "Novi Sad"]
[Date "2009.10.23"]
[Round "2.1"]
[White "Hautot, Stephane"]
[Black "Hansen, Lars Bo"]
[Result "1/2-1/2"]
[WhiteElo "2420"]
[BlackElo "2574"]
[PlyCount "79"]
[EventDate "2009.10.22"]
[EventType "team-swiss"]
[EventRounds "9"]
[EventCountry "YUG"]
[SourceTitle "CBM 133"]
[Source "ChessBase"]
[SourceDate "2009.11.19"]
[SourceVersion "1"]
[SourceVersionDate "2009.11.19"]
[SourceQuality "1"]
[WhiteTeam "Belgium"]
[BlackTeam "Denmark"]
[WhiteTeamCountry "BEL"]
[BlackTeamCountry "DEN"]

1. e4 c6 2. d4 d5 3. Nc3 dxe4 4. Nxe4 Bf5 5. Ng3 Bg6 6. h4 h6 7. Nf3 Nd7 8. h5
Bh7 9. Bd3 Bxd3 10. Qxd3 e6 11. Bd2 Ngf6 12. O-O-O Be7 13. Ne4 Nxe4 14. Qxe4
Nf6 15. Qe2 Qd5 16. c4 Qe4 17. Be3 Ng4 18. Qc2 Qxc2+ 19. Kxc2 Bd6 20. Rd2 O-O
21. Re2 b5 22. Ne5 Bxe5 23. dxe5 Nxe5 24. Bc5 Nxc4 25. Bxf8 Kxf8 26. f4 Nb6 27.
f5 exf5 28. Rf1 Nd5 29. Rxf5 Rd8 30. a3 a5 31. Kc1 a4 32. Rf3 Rd6 33. Rf5 f6
34. Rf1 Kf7 35. Rf3 Rd7 36. Rf5 Nb6 37. Rd2 Nd5 38. Re2 Nb6 39. Rd2 Nd5 40. Re2
1/2-1/2

[Event "EU-chT (Men) 17th"]
[Site "Novi Sad"]
[Date "2009.10.23"]
[Round "2.3"]
[White "Docx, Stefan"]
[Black "Rasmussen, Allan Stig"]
[Result "0-1"]
[WhiteElo "2384"]
[BlackElo "2535"]
[PlyCount "73"]
[EventDate "2009.10.22"]
[EventType "team-swiss"]
[EventRounds "9"]
[EventCountry "YUG"]
[SourceTitle "CBM 133"]
[Source "ChessBase"]
[SourceDate "2009.11.19"]
[SourceVersion "1"]
[SourceVersionDate "2009.11.19"]
[SourceQuality "1"]
[WhiteTeam "Belgium"]
[BlackTeam "Denmark"]
[WhiteTeamCountry "BEL"]
[BlackTeamCountry "DEN"]

1. d4 d5 2. c4 c6 3. Nf3 Nf6 4. e3 e6 5. b3 Nbd7 6. Bd3 b6 7. O-O Bb7 8. Bb2
Bd6 9. Nbd2 O-O 10. Ne5 Qe7 11. Qf3 Rfd8 12. Qh3 h6 13. f4 c5 14. cxd5 Nxd5 15.
Ndc4 Bc7 16. f5 exf5 17. Nxf7 Kxf7 18. Qxf5+ N5f6 19. Qh7 Nf8 20. Qh8 Ng6 21.
Qh7 Nf8 22. Qh8 b5 23. Rxf6+ gxf6 24. Qxh6 bxc4 25. Bxc4+ Bd5 26. Qh5+ Kg7 27.
Bxd5 Qxe3+ 28. Kh1 Rxd5 29. Qxd5 Re8 30. Rg1 Qh6 31. g3 Re2 32. Rg2 Rxb2 33.
Qxc5 Rb1+ 34. Rg1 Bxg3 35. Qe7+ Kg8 36. Qe2 Rxg1+ 37. Kxg1 0-1

[Event "EU-chT (Men) 17th"]
[Site "Novi Sad"]
[Date "2009.10.23"]
[Round "2.4"]
[White "Glud, Jakob Vang"]
[Black "Polaczek, Richard"]
[Result "1/2-1/2"]
[WhiteElo "2476"]
[BlackElo "2381"]
[PlyCount "103"]
[EventDate "2009.10.22"]
[EventType "team-swiss"]
[EventRounds "9"]
[EventCountry "YUG"]
[SourceTitle "CBM 133"]
[Source "ChessBase"]
[SourceDate "2009.11.19"]
[SourceVersion "1"]
[SourceVersionDate "2009.11.19"]
[SourceQuality "1"]
[WhiteTeam "Denmark"]
[BlackTeam "Belgium"]
[WhiteTeamCountry "DEN"]
[BlackTeamCountry "BEL"]

1. c4 e6 2. d4 Nf6 3. Nc3 Bb4 4. e3 c5 5. Nge2 cxd4 6. exd4 d5 7. c5 Ne4 8. a3
Bxc3+ 9. bxc3 O-O 10. f3 Nf6 11. Bf4 Nc6 12. Kf2 b6 13. Bd6 Re8 14. Nf4 bxc5
15. dxc5 Qa5 16. Qd3 Bd7 17. Rb1 Ne7 18. g4 Bc6 19. Qa6 Qxc3 20. Bxe7 Ne4+ 21.
Kg2 Qe3 22. Bh4 Qxf4 23. Qxc6 Nd2 24. Be2 Nxb1 25. Rxb1 Rec8 26. Qb5 a6 27. Qb4
Qe3 28. Rb2 a5 29. Qa4 Qxc5 30. Bf2 Qc3 31. Bd4 Qc1 32. Rb7 Qd2 33. Rb2 Qf4 34.
Qd1 h5 35. h3 Rc1 36. Qd3 h4 37. Bf2 Ra1 38. Qc3 d4 39. Qc6 Rd8 40. Bxh4 g5 41.
Bg3 Rg1+ 42. Kxg1 Qxg3+ 43. Kf1 d3 44. Bd1 d2 45. Qb6 Qxh3+ 46. Ke2 Qh2+ 47.
Qf2 Qe5+ 48. Qe3 Qh2+ 49. Kf1 Qh3+ 50. Ke2 Qh2+ 51. Qf2 Qe5+ 52. Qe3 1/2-1/2

[Event "EU-chT (Men) 17th"]
[Site "Novi Sad"]
[Date "2009.10.24"]
[Round "3.2"]
[White "Djukic, Nikola"]
[Black "Hansen, Sune Berg"]
[Result "1/2-1/2"]
[WhiteElo "2503"]
[BlackElo "2552"]
[PlyCount "32"]
[EventDate "2009.10.22"]
[EventType "team-swiss"]
[EventRounds "9"]
[EventCountry "YUG"]
[SourceTitle "CBM 133"]
[Source "ChessBase"]
[SourceDate "2009.11.19"]
[SourceVersion "1"]
[SourceVersionDate "2009.11.19"]
[SourceQuality "1"]
[WhiteTeam "Montenegro"]
[BlackTeam "Denmark"]
[WhiteTeamCountry "MNE"]
[BlackTeamCountry "DEN"]

1. e4 e5 2. Nf3 Nc6 3. Bb5 Nf6 4. O-O Nxe4 5. d4 Nd6 6. Bxc6 dxc6 7. dxe5 Nf5
8. Qxd8+ Kxd8 9. Nc3 Ke8 10. h3 h5 11. Bg5 Be6 12. Ne2 Be7 13. Bxe7 Kxe7 14. b3
Bd5 15. Nfd4 Nxd4 16. Nxd4 c5 1/2-1/2

[Event "EU-chT (Men) 17th"]
[Site "Novi Sad"]
[Date "2009.10.24"]
[Round "3.3"]
[White "Rasmussen, Allan Stig"]
[Black "Kosic, Dragan"]
[Result "1-0"]
[WhiteElo "2535"]
[BlackElo "2495"]
[PlyCount "87"]
[EventDate "2009.10.22"]
[EventType "team-swiss"]
[EventRounds "9"]
[EventCountry "YUG"]
[SourceTitle "CBM 133"]
[Source "ChessBase"]
[SourceDate "2009.11.19"]
[SourceVersion "1"]
[SourceVersionDate "2009.11.19"]
[SourceQuality "1"]
[WhiteTeam "Denmark"]
[BlackTeam "Montenegro"]
[WhiteTeamCountry "DEN"]
[BlackTeamCountry "MNE"]

1. e4 e6 2. d4 d5 3. Nc3 Nf6 4. e5 Nfd7 5. f4 c5 6. Nf3 Nc6 7. Be3 Be7 8. Qd2
O-O 9. Be2 a6 10. O-O b5 11. a3 Qb6 12. Nd1 cxd4 13. Nxd4 Nxd4 14. Bxd4 Bc5 15.
c3 Nb8 16. Bxc5 Qxc5+ 17. Qe3 Qxe3+ 18. Nxe3 Bd7 19. Nc2 Nc6 20. Kf2 g5 21. g3
f6 22. exf6 gxf4 23. gxf4 Rxf6 24. Ke3 Re8 25. Nb4 e5 26. fxe5 Rxe5+ 27. Kd2
Rxf1 28. Rxf1 d4 29. Nxa6 dxc3+ 30. bxc3 Na5 31. Rf4 Be6 32. a4 Nc4+ 33. Bxc4
bxc4 34. Nc7 Bf7 35. Nb5 Be6 36. h4 Kg7 37. Kc1 Kg6 38. Kb2 Re1 39. Nd6 Re2+
40. Ka3 Rc2 41. Kb4 Rb2+ 42. Kc5 Rc2 43. Ne4 Bd7 44. a5 1-0

[Event "EU-chT (Men) 17th"]
[Site "Novi Sad"]
[Date "2009.10.24"]
[Round "3.4"]
[White "Kalezic, Blazo"]
[Black "Schandorff, Lars"]
[Result "1/2-1/2"]
[WhiteElo "2459"]
[BlackElo "2501"]
[PlyCount "49"]
[EventDate "2009.10.22"]
[EventType "team-swiss"]
[EventRounds "9"]
[EventCountry "YUG"]
[SourceTitle "CBM 133"]
[Source "ChessBase"]
[SourceDate "2009.11.19"]
[SourceVersion "1"]
[SourceVersionDate "2009.11.19"]
[SourceQuality "1"]
[WhiteTeam "Montenegro"]
[BlackTeam "Denmark"]
[WhiteTeamCountry "MNE"]
[BlackTeamCountry "DEN"]

1. e4 c6 2. d4 d5 3. Nd2 dxe4 4. Nxe4 Bf5 5. Ng3 Bg6 6. f4 e6 7. Nf3 Nd7 8. Bc4
Bd6 9. Qe2 Ne7 10. O-O Nb6 11. Bb3 O-O 12. c3 c5 13. Ne4 cxd4 14. Nxd4 Nc6 15.
Nxc6 bxc6 16. Rd1 Nd5 17. c4 Bxe4 18. Qxe4 Qb6+ 19. Kh1 Nf6 20. Qf3 Rad8 21. g4
Bc5 22. Bd2 Rd6 23. g5 Rfd8 24. Bc3 Ne8 25. Be5 1/2-1/2

[Event "EU-chT (Men) 17th"]
[Site "Novi Sad"]
[Date "2009.10.25"]
[Round "4.3"]
[White "Rasmussen, Allan Stig"]
[Black "Illescas Cordoba, Miguel"]
[Result "0-1"]
[WhiteElo "2535"]
[BlackElo "2591"]
[PlyCount "92"]
[EventDate "2009.10.22"]
[EventType "team-swiss"]
[EventRounds "9"]
[EventCountry "YUG"]
[SourceTitle "CBM 133"]
[Source "ChessBase"]
[SourceDate "2009.11.19"]
[SourceVersion "1"]
[SourceVersionDate "2009.11.19"]
[SourceQuality "1"]
[WhiteTeam "Denmark"]
[BlackTeam "Spain"]
[WhiteTeamCountry "DEN"]
[BlackTeamCountry "ESP"]

1. e4 c5 2. Nf3 Nc6 3. d4 cxd4 4. Nxd4 Nf6 5. Nc3 d6 6. Bg5 g6 7. Bxf6 exf6 8.
Qd2 Bg7 9. O-O-O O-O 10. Nb3 f5 11. Bd3 a5 12. a4 Nb4 13. exf5 Nxd3+ 14. Qxd3
Bxf5 15. Qg3 Rc8 16. Nd4 Bd7 17. Ndb5 Bxb5 18. Nxb5 Qf6 19. c3 Rc4 20. b3 Rc5
21. h4 Rfc8 22. Rd3 Qe6 23. Kb2 Qe2+ 24. Kb1 Rf5 25. Rf3 Qe4+ 26. Kb2 Rd5 27.
Qf4 Qe2+ 28. Ka3 Rf5 29. Qe3 Qxe3 30. fxe3 Rxf3 31. gxf3 Bxc3 32. Rd1 Bb4+ 33.
Kb2 h5 34. e4 Kf8 35. Nxd6 Rd8 36. e5 Ke7 37. Rd5 b6 38. Rb5 Bxd6 39. exd6+
Rxd6 40. Kc3 Kd7 41. b4 Rf6 42. bxa5 Rxf3+ 43. Kd2 bxa5 44. Rxa5 Rf4 45. Ra7+
Ke6 46. Ra6+ Ke5 0-1

[Event "EU-chT (Men) 17th"]
[Site "Novi Sad"]
[Date "2009.10.25"]
[Round "4.4"]
[White "Salgado Lopez, Ivan"]
[Black "Schandorff, Lars"]
[Result "1/2-1/2"]
[WhiteElo "2555"]
[BlackElo "2501"]
[PlyCount "95"]
[EventDate "2009.10.22"]
[EventType "team-swiss"]
[EventRounds "9"]
[EventCountry "YUG"]
[SourceTitle "CBM 133"]
[Source "ChessBase"]
[SourceDate "2009.11.19"]
[SourceVersion "1"]
[SourceVersionDate "2009.11.19"]
[SourceQuality "1"]
[WhiteTeam "Spain"]
[BlackTeam "Denmark"]
[WhiteTeamCountry "ESP"]
[BlackTeamCountry "DEN"]

1. e4 c6 2. Nc3 d5 3. Nf3 Bg4 4. h3 Bxf3 5. Qxf3 e6 6. a3 Nd7 7. d3 Bd6 8. g3
Ngf6 9. Bg2 O-O 10. O-O dxe4 11. dxe4 e5 12. Qe2 Nc5 13. f4 Ne6 14. Be3 Bc5 15.
Bxc5 Nxc5 16. Qf2 Qe7 17. f5 a5 18. Qe3 b5 19. Bf3 Nfd7 20. a4 bxa4 21. Nxa4
Rfb8 22. b3 Rb4 23. Nxc5 Qxc5 24. Qxc5 Nxc5 25. Rfd1 Kf8 26. Rd6 Nxe4 27. Rxc6
Nxg3 28. f6 gxf6 29. Rxf6 Ra7 30. Kh2 Kg7 31. Rc6 Nf5 32. Rc5 Nd4 33. Bg2 Rxb3
34. cxb3 Nxb3 35. Rac1 Nxc1 36. Rxc1 a4 37. Be4 a3 38. Rg1+ Kh6 39. Ra1 Ra4 40.
Bc2 Ra7 41. Ra2 Kg7 42. Kg3 h5 43. Bd3 Ra4 44. h4 Kh6 45. Bf5 Kg7 46. Bd3 Kf6
47. Bh7 Kg7 48. Bd3 1/2-1/2

[Event "EU-chT (Men) 17th"]
[Site "Novi Sad"]
[Date "2009.10.26"]
[Round "5.1"]
[White "Beliavsky, Alexander G"]
[Black "Hansen, Lars Bo"]
[Result "1/2-1/2"]
[WhiteElo "2656"]
[BlackElo "2574"]
[PlyCount "66"]
[EventDate "2009.10.22"]
[EventType "team-swiss"]
[EventRounds "9"]
[EventCountry "YUG"]
[SourceTitle "CBM 133"]
[Source "ChessBase"]
[SourceDate "2009.11.19"]
[SourceVersion "1"]
[SourceVersionDate "2009.11.19"]
[SourceQuality "1"]
[WhiteTeam "Slovenia"]
[BlackTeam "Denmark"]
[WhiteTeamCountry "SLO"]
[BlackTeamCountry "DEN"]

1. d4 d5 2. c4 c6 3. Nf3 Nf6 4. Nc3 e6 5. Bg5 Nbd7 6. cxd5 exd5 7. e3 Be7 8.
Qc2 Nh5 9. Bxe7 Qxe7 10. O-O-O Nb6 11. Ne5 Nf6 12. Bd3 Ng4 13. Nxg4 Bxg4 14. f3
Qxe3+ 15. Kb1 Be6 16. Bxh7 Qf4 17. Bd3 Rxh2 18. g3 Rxc2 19. gxf4 Rf2 20. f5 Bd7
21. Rde1+ Kd8 22. Rh8+ Kc7 23. Rxa8 Nxa8 24. Re7 Rxf3 25. Kc2 Nb6 26. Rxf7 Nc8
27. Rxg7 Nd6 28. Ne2 Nxf5 29. Bxf5 Rxf5 30. Nc1 Rh5 31. Nd3 Kc8 32. Rg8+ Kc7
33. Rg7 Kc8 1/2-1/2

[Event "EU-chT (Men) 17th"]
[Site "Novi Sad"]
[Date "2009.10.26"]
[Round "5.2"]
[White "Hansen, Sune Berg"]
[Black "Lenic, Luka"]
[Result "1/2-1/2"]
[WhiteElo "2552"]
[BlackElo "2575"]
[PlyCount "52"]
[EventDate "2009.10.22"]
[EventType "team-swiss"]
[EventRounds "9"]
[EventCountry "YUG"]
[SourceTitle "CBM 133"]
[Source "ChessBase"]
[SourceDate "2009.11.19"]
[SourceVersion "1"]
[SourceVersionDate "2009.11.19"]
[SourceQuality "1"]
[WhiteTeam "Denmark"]
[BlackTeam "Slovenia"]
[WhiteTeamCountry "DEN"]
[BlackTeamCountry "SLO"]

1. d4 Nf6 2. c4 e6 3. g3 d5 4. Nf3 Bb4+ 5. Bd2 Be7 6. Bg2 O-O 7. O-O c6 8. Qc2
b6 9. Rd1 Ba6 10. b3 Nbd7 11. a4 c5 12. Na3 Bb7 13. Qb2 Rc8 14. Rac1 h6 15. b4
Ba8 16. cxd5 exd5 17. Nc2 Ne4 18. Be1 Bf6 19. Qa3 Re8 20. bxc5 bxc5 21. dxc5
Ndxc5 22. Ncd4 Qc7 23. a5 Bb7 24. Bb4 Na6 25. Be1 Nac5 26. Bb4 Na6 1/2-1/2

[Event "EU-chT (Men) 17th"]
[Site "Novi Sad"]
[Date "2009.10.26"]
[Round "5.3"]
[White "Borisek, Jure"]
[Black "Schandorff, Lars"]
[Result "1/2-1/2"]
[WhiteElo "2575"]
[BlackElo "2501"]
[PlyCount "83"]
[EventDate "2009.10.22"]
[EventType "team-swiss"]
[EventRounds "9"]
[EventCountry "YUG"]
[SourceTitle "CBM 133"]
[Source "ChessBase"]
[SourceDate "2009.11.19"]
[SourceVersion "1"]
[SourceVersionDate "2009.11.19"]
[SourceQuality "1"]
[WhiteTeam "Slovenia"]
[BlackTeam "Denmark"]
[WhiteTeamCountry "SLO"]
[BlackTeamCountry "DEN"]

1. e4 c6 2. d4 d5 3. f3 dxe4 4. fxe4 e5 5. Nf3 Bg4 6. Bc4 Nd7 7. O-O Ngf6 8. c3
Bd6 9. Bg5 O-O 10. Nbd2 h6 11. Be3 Bh5 12. Kh1 Re8 13. Qc2 Qc7 14. Bg1 b5 15.
Bd3 a6 16. b3 Bg6 17. Nh4 Bh7 18. Nf5 Bf8 19. Rf3 Bxf5 20. Rxf5 g6 21. Rf3 Bg7
22. Raf1 Re7 23. b4 a5 24. a3 axb4 25. axb4 Nh7 26. Be3 Ndf6 27. Nb3 Rae8 28.
Bg1 Nh5 29. Re1 Ng5 30. Rff1 Nf4 31. Nc5 Rd8 32. Be3 Nge6 33. d5 cxd5 34. Bxb5
d4 35. cxd4 Nxd4 36. Qc4 Kh7 37. Rc1 Nfe2 38. Rce1 Nf4 39. Ba6 f5 40. exf5 Nxf5
41. Bxf4 exf4 42. Rxe7 1/2-1/2

[Event "EU-chT (Men) 17th"]
[Site "Novi Sad"]
[Date "2009.10.26"]
[Round "5.4"]
[White "Glud, Jakob Vang"]
[Black "Sebenik, Matej"]
[Result "1-0"]
[WhiteElo "2476"]
[BlackElo "2489"]
[PlyCount "85"]
[EventDate "2009.10.22"]
[EventType "team-swiss"]
[EventRounds "9"]
[EventCountry "YUG"]
[SourceTitle "CBM 133"]
[Source "ChessBase"]
[SourceDate "2009.11.19"]
[SourceVersion "1"]
[SourceVersionDate "2009.11.19"]
[SourceQuality "1"]
[WhiteTeam "Denmark"]
[BlackTeam "Slovenia"]
[WhiteTeamCountry "DEN"]
[BlackTeamCountry "SLO"]

1. d4 Nf6 2. Bg5 Ne4 3. Bf4 d5 4. Nd2 Bf5 5. Ngf3 e6 6. e3 g5 7. Nxe4 gxf4 8.
Nc3 fxe3 9. fxe3 Nd7 10. Bd3 Bg6 11. O-O Bh6 12. e4 c6 13. Qe1 O-O 14. Rd1 Bg7
15. Kh1 Qb6 16. exd5 cxd5 17. Ng5 h6 18. Bxg6 hxg5 19. Bd3 f5 20. Qe3 g4 21.
Rde1 Rf6 22. Qg5 Qxd4 23. Ne2 Qb6 24. Nf4 Nf8 25. c4 d4 26. Re2 Nh7 27. Qh4 Rh6
28. Qe1 Ng5 29. c5 Qc6 30. b4 Re8 31. Bxf5 e5 32. Bxg4 e4 33. Qg3 Rf8 34. Ree1
Rhf6 35. h4 Rh6 36. Nh5 Rxf1+ 37. Rxf1 Qg6 38. Qb8+ Kh7 39. Bf5 Rxh5 40. Bxg6+
Kxg6 41. Rf4 e3 42. Qe8+ Kh6 43. Kg1 1-0

[Event "EU-chT (Men) 17th"]
[Site "Novi Sad"]
[Date "2009.10.27"]
[Round "6.1"]
[White "Hansen, Sune Berg"]
[Black "Socko, Bartosz"]
[Result "1/2-1/2"]
[WhiteElo "2552"]
[BlackElo "2637"]
[PlyCount "55"]
[EventDate "2009.10.22"]
[EventType "team-swiss"]
[EventRounds "9"]
[EventCountry "YUG"]
[SourceTitle "CBM 133"]
[Source "ChessBase"]
[SourceDate "2009.11.19"]
[SourceVersion "1"]
[SourceVersionDate "2009.11.19"]
[SourceQuality "1"]
[WhiteTeam "Denmark"]
[BlackTeam "Poland"]
[WhiteTeamCountry "DEN"]
[BlackTeamCountry "POL"]

1. e4 e5 2. Nf3 Nf6 3. d4 Nxe4 4. Bd3 d5 5. dxe5 Nc5 6. Be2 Be7 7. O-O O-O 8.
Be3 c6 9. Nbd2 Nba6 10. c3 Nc7 11. Nd4 f5 12. exf6 Rxf6 13. N2b3 Nxb3 14. Nxb3
Bf5 15. Qd2 Qe8 16. Nd4 Bg6 17. Bg4 c5 18. Bf4 Bd6 19. Bxd6 Rxd6 20. Rfe1 Qf8
21. Nf3 Rad8 22. Ne5 Bf5 23. Qg5 Bxg4 24. Nxg4 h6 25. Qh5 Qf7 26. Qxf7+ Kxf7
27. Ne5+ Kf6 28. f4 1/2-1/2

[Event "EU-chT (Men) 17th"]
[Site "Novi Sad"]
[Date "2009.10.27"]
[Round "6.2"]
[White "Wojtaszek, Radoslaw"]
[Black "Rasmussen, Allan Stig"]
[Result "1/2-1/2"]
[WhiteElo "2640"]
[BlackElo "2535"]
[PlyCount "75"]
[EventDate "2009.10.22"]
[EventType "team-swiss"]
[EventRounds "9"]
[EventCountry "YUG"]
[SourceTitle "CBM 133"]
[Source "ChessBase"]
[SourceDate "2009.11.19"]
[SourceVersion "1"]
[SourceVersionDate "2009.11.19"]
[SourceQuality "1"]
[WhiteTeam "Poland"]
[BlackTeam "Denmark"]
[WhiteTeamCountry "POL"]
[BlackTeamCountry "DEN"]

1. c4 e5 2. g3 d6 3. Nc3 f5 4. d4 Nf6 5. dxe5 dxe5 6. Qxd8+ Kxd8 7. Bg5 c6 8.
Nf3 Bd6 9. O-O-O Kc7 10. Bxf6 gxf6 11. Bh3 Bb4 12. Kc2 Na6 13. Nh4 Bxc3 14.
bxc3 f4 15. Bxc8 Raxc8 16. gxf4 Rhg8 17. fxe5 fxe5 18. Rhg1 Nc5 19. f3 Ne6 20.
e3 Rcf8 21. Rdf1 Kd6 22. Rd1+ Kc7 23. Rg3 Rg5 24. Rxg5 Nxg5 25. Rf1 Rf6 26. f4
Rh6 27. fxg5 Rxh4 28. Rf2 Kd6 29. Kb3 a5 30. Rf6+ Kc5 31. a4 Rh5 32. Rf5 Kd6
33. Rf7 b6 34. Rf6+ Kc5 35. Rf5 Kd6 36. Rf6+ Kc5 37. Rf5 Kd6 38. Rf6+ 1/2-1/2

[Event "EU-chT (Men) 17th"]
[Site "Novi Sad"]
[Date "2009.10.27"]
[Round "6.3"]
[White "Schandorff, Lars"]
[Black "Bartel, Mateusz"]
[Result "0-1"]
[WhiteElo "2501"]
[BlackElo "2609"]
[PlyCount "126"]
[EventDate "2009.10.22"]
[EventType "team-swiss"]
[EventRounds "9"]
[EventCountry "YUG"]
[SourceTitle "CBM 133"]
[Source "ChessBase"]
[SourceDate "2009.11.19"]
[SourceVersion "1"]
[SourceVersionDate "2009.11.19"]
[SourceQuality "1"]
[WhiteTeam "Denmark"]
[BlackTeam "Poland"]
[WhiteTeamCountry "DEN"]
[BlackTeamCountry "POL"]

1. Nf3 f5 2. d3 g6 3. e4 d6 4. exf5 Bxf5 5. d4 Bg7 6. Bd3 Qd7 7. O-O Nf6 8.
Bxf5 Qxf5 9. c4 O-O 10. Nc3 Nbd7 11. Be3 c6 12. Qe2 Rae8 13. Rad1 d5 14. h3
dxc4 15. Qxc4+ Nd5 16. Qb3 N7b6 17. a4 Kh8 18. Rfe1 e6 19. a5 Nxe3 20. Rxe3
Qxa5 21. Rxe6 Rxe6 22. Qxe6 Qf5 23. Qe7 Qf7 24. Re1 Kg8 25. Qe2 Nd5 26. Ng5 Qf5
27. Nf3 Nf4 28. Qc4+ Kh8 29. Re3 Bh6 30. Re5 Nxh3+ 31. Kf1 Qc2 32. Qe2 Qc1+ 33.
Qe1 Qxe1+ 34. Rxe1 Ng5 35. Ne5 Bg7 36. d5 cxd5 37. Nxd5 Rf5 38. f4 Bxe5 39. g4
Rxf4+ 40. Nxf4 Bxf4 41. Re7 Bd6 42. Rxb7 Bc5 43. Kg2 h6 44. Rc7 Bb6 45. Rd7 Kg8
46. Re7 Kf8 47. Rb7 Nf7 48. Kg3 Kg7 49. Kf4 Kf6 50. Rd7 Ke6 51. Rd1 Bc7+ 52.
Ke4 Ng5+ 53. Ke3 Ke5 54. Rh1 Bb6+ 55. Ke2 Nf7 56. Rf1 Ke6 57. Rh1 Kf6 58. Rf1+
Kg7 59. Rf4 Ne5 60. Kd2 g5 61. Re4 Kf6 62. Ke2 Ke6 63. Ra4 Kd5 0-1

[Event "EU-chT (Men) 17th"]
[Site "Novi Sad"]
[Date "2009.10.27"]
[Round "6.4"]
[White "Gajewski, Grzegorz"]
[Black "Glud, Jakob Vang"]
[Result "1-0"]
[WhiteElo "2572"]
[BlackElo "2476"]
[PlyCount "65"]
[EventDate "2009.10.22"]
[EventType "team-swiss"]
[EventRounds "9"]
[EventCountry "YUG"]
[SourceTitle "CBM 133"]
[Source "ChessBase"]
[SourceDate "2009.11.19"]
[SourceVersion "1"]
[SourceVersionDate "2009.11.19"]
[SourceQuality "1"]
[WhiteTeam "Poland"]
[BlackTeam "Denmark"]
[WhiteTeamCountry "POL"]
[BlackTeamCountry "DEN"]

1. d4 d5 2. c4 c6 3. Nf3 Nf6 4. Nc3 a6 5. c5 Bf5 6. Nh4 Be6 7. g3 g6 8. Bg2 Bg7
9. O-O O-O 10. Bf4 Nbd7 11. Qd2 b6 12. cxb6 Nxb6 13. b3 a5 14. Nf3 a4 15. Ne5
axb3 16. axb3 Qc8 17. Rac1 Bd7 18. Nd3 Bh3 19. Nb5 Bxg2 20. Kxg2 Ne4 21. Qb4
Ra2 22. Nc7 Qb7 23. Nc5 Qa7 24. Nxe4 dxe4 25. Rxc6 Nd7 26. Qxe7 Nb8 27. Rd6
Rxe2 28. Rd8 Nc6 29. Rxf8+ Bxf8 30. Qe8 Rc2 31. d5 Nb8 32. Nb5 Qe7 33. Qxe7 1-0

[Event "EU-chT (Men) 17th"]
[Site "Novi Sad"]
[Date "2009.10.28"]
[Round "7.1"]
[White "Cheparinov, Ivan"]
[Black "Hansen, Lars Bo"]
[Result "1/2-1/2"]
[WhiteElo "2667"]
[BlackElo "2574"]
[PlyCount "62"]
[EventDate "2009.10.22"]
[EventType "team-swiss"]
[EventRounds "9"]
[EventCountry "YUG"]
[SourceTitle "CBM 133"]
[Source "ChessBase"]
[SourceDate "2009.11.19"]
[SourceVersion "1"]
[SourceVersionDate "2009.11.19"]
[SourceQuality "1"]
[WhiteTeam "Bulgaria"]
[BlackTeam "Denmark"]
[WhiteTeamCountry "BUL"]
[BlackTeamCountry "DEN"]

1. e4 e5 2. Nf3 Nc6 3. Bb5 a6 4. Ba4 Nf6 5. O-O Be7 6. Re1 b5 7. Bb3 d6 8. c3
O-O 9. h3 Na5 10. Bc2 c5 11. d4 Qc7 12. d5 Nc4 13. b3 Nb6 14. a4 Bd7 15. a5 Nc8
16. c4 Bd8 17. Nc3 Ne8 18. Ne2 Ne7 19. g4 Ng6 20. Ng3 Nh4 21. Nh2 g6 22. Kh1
Kh8 23. Qd2 g5 24. Nf5 Ng6 25. Rg1 b4 26. h4 f6 27. Qd3 Bxf5 28. gxf5 Nxh4 29.
Rg4 Qf7 30. Bd2 Ng7 31. Rag1 Nh5 1/2-1/2